země osmanské královské rodiny - Statistics

General Stats
  • This quiz has been taken 33 times
  • The average score is 8 of 14
Answer Stats
Hint Answer % Correct
Evropa Řecko
93%
Evropa Albánie
85%
Evropa Bulharsko
78%
Evropa Srbsko
78%
Evropa Kosovo
70%
Evropa Rumunsko
67%
Evropa / Asie Rusko
63%
Asie Gruzie
59%
Evropa Ukrajina
52%
Evropa Itálie
48%
Evropa Bosna a Hercegovina
41%
Evropa Francie
26%
Asia Indie
11%
Evropa / Asie Krocan
0%
No matching quizzes found
Score Distribution
Percent of People with Each Score
Percentile by Number Answered
Your Score History
You have not taken this quiz